Score 0/20 Timer 05:00
6 Plays Today
% Correct
Eagle
94.5%
Grizzly Bear
94.2%
Coyote
93.5%
Bison
92.3%
Prairie Dog
90.3%
Cardinal
88.2%
Bighorn Sheep
86.2%
Scorpion
85.3%
Wolverine
85%
Lynx
82.8%
% Correct
Muskrat
82.7%
Polar Bear
74.4%
Pronghorn
68.3%
Peccary
58.6%
Jaguar
58.1%
Gila Monster
56.4%
Boa Constrictor
49.5%
Macaw
43.8%
Sloth
43.6%
Tamarin
38.5%

You're not logged in!

Compare scores with friends on all Sporcle quizzes.
OR
Log In

Sporcle TV

Today on Sporcle TV


Watch our educational content, quiz creation guides, and fun videos on Sporcle TV.

Show Comments

Extras

Top Quizzes Today


Score Distribution

Paid Content

Your Account Isn't Verified!

In order to create a playlist on Sporcle, you need to verify the email address you used during registration. Go to your Sporcle Settings to finish the process.

Report this User

Report this user for behavior that violates our Community Guidelines.

Details: